[Event "Athens ChessSquare Celebration op"]
[Site "Athens"]
[Date "2015.11.07"]
[Round "1"]
[White "Savoglou, Nikolaos"]
[Black "Sigalas, Christos"]
[Result "1-0"]
[WhiteElo "1955"]
[BlackElo "1245"]
[PlyCount "59"]
[EventDate "2015.11.07"]
[EventType "swiss"]
[EventRounds "7"]
[EventCountry "GRE"]
[SourceTitle "EXT 2024"]
[Source "ChessBase"]
[SourceDate "2023.10.10"]
[SourceVersion "1"]
[SourceVersionDate "2023.10.10"]
[SourceQuality "1"]

1. d4 Nf6 2. c4 e6 3. Nc3 Bb4 4. e3 0-0 5. Bd3 d5 6. Nf3 c5 7. 0-0 cxd4 8. exd4 Nc6 9. Bg5 h6 10. Bh4 b6 11. cxd5 exd5 12. Bxf6 Qxf6 13. Nxd5 Qd6 14. Nxb4 Qxb4 15. Be4 Bb7 16. Rc1 Rac8 17. Rc2 Rfe8 18. Bf5 Rc7 19. d5 Rd8 20. Rd2 Ba6 21. a3 Qf4 22. Bd3 Bxd3 23. dxc6 Qf5 24. Ne1 Bxf1 25. Rxd8+ Kh7 26. Kxf1 Rxc6 27. Qd3 Qxd3+ 28. Nxd3 Kg6 29. Rd7 Kf6 30. Rxa7 1-0